The Beatles Most Sold Albums - Statistics

General Stats
  • This quiz has been taken 178 times
  • The average score is 11 of 13
Answer Stats
Hint Answer % Correct
19.9M Abbey Road
99%
14M The Beatles (The White Album)
97%
6M Let it Be
93%
7.2M Revolver
93%
1.7M Please Please Me
88%
8.6M Rubber Soul
87%
32M Sgt. Pepper's Lonely Hearts Club Band
87%
5.4M A Hard Days Night
83%
1.25M Yellow Submarine
83%
1.4M Beatles For Sale
81%
4.4M Help!
81%
7M Magical Mystery Tour
81%
1.1M With The Beatles
80%
No matching quizzes found
Score Distribution
Percent of People with Each Score
Percentile by Number Answered
Your Score History
You have not taken this quiz